000 00763nam0a22002531 4500
001 rc\3314010
005 20250609175316.0
021 _aRU
_b[70-11111]
035 _a(NLR Aleph) 007416106
090 _a6866638
_c6866638
100 _a20130115d1970 |||y0rusy50 ca
101 0 _arus
102 _aRU
105 _aac z |||a|
200 1 _aСтихи
210 _a[Новосибирск
_cЗап.-Сиб. кн. изд-во
_d1970]
215 _a122 с., 1 л. портр.
_cил.
_d17
700 1 _aИванов
_bВ. Ф.
_cпрозаик, поэт
_f1922-1968
_gВадим Филиппович
_9225138
_3RU\NLR\AUTH\770225194
801 0 _aRU
_bNLR
_gpsbo
801 1 _aRU
_bELAR
_2rusmarc
852 _aNLR
_j70-2/11
942 _cBOOK
980 _aNB